000 00927nam a2200265Ia 4500
003 OSt
005 20221005112410.0
006 a|||||r|||| 00| 0
007 ta
008 221004b |||||||| |||| 00| 0 pan d
020 _a9789352313167 (hbk)
_cINR 200.00
024 _a44986
037 _b1066, 22/02/2019, H.K. Prakashan
_cTextual
040 _aCRL
_cCRL
_bpan
041 _2pan
_apan
082 _aO153,1NKA11x, Q8
100 _aਕਲੇਰ, ਅੰਗਰੇਗ਼
245 0 _aਰੰਗ Fਬਦ ਸੰਗੀਤ
260 _aਸਮਾਣਾ
_bੋਸੰਗਮ ਪਬਲੀਕੇFਨਗ਼ ਸਮਾਣਾ
_c2018
300 _a135ਪ੍ਰ0
_ccm.
650 _a ਪੰਜਾਬੀ ਕਾਵਿ
650 _aਪੰਜਾਬੀ ਸਾਹਿਤ
942 _hO153,1NKA11x, Q8
_cTEXL
_2cc
999 _c1024761
_d1024761